000 00606nam a22002057a 4500
005 20251108174543.0
008 250721s2007 xx 000 0 ara d
020 _a9774082176
082 1 4 _aط/623.8/ويل
100 1 _aويلكينسون، فيليب
245 1 0 _aالسفن /
264 1 _aالجيزة :
_bدار الفاروق للاستثمارات الثقافية،
_c2007.
300 _a63ص.
490 0 _aالكتاب الأفضل في
650 1 7 _aالملاحه
650 1 7 _aالسفن
653 _aناشاون كبار (15-18) سنه
942 _2ddc
_cBK
999 _c112105
_d112105